| 000 | 00878cam a2200277 4500 | ||
|---|---|---|---|
| 001 | J3872 | ||
| 008 | 090401t1996 xxu||||| |||| 00| 0 eng d | ||
| 035 | _a(Sirsi) u57203 | ||
| 041 | _aeng | ||
| 050 | _a692.8 | ||
| 110 |
_aNational Joint Consultative Committee for Building _9994 |
||
| 245 | _aRecord (or As Built) drawings, operating and maintenance instructions and the health and safety file. | ||
| 250 | _aSecond revision | ||
| 260 |
_aLondon _bNJCC _c1996 |
||
| 300 | _a4p. ; 30cm. | ||
| 350 | _a2 | ||
| 490 |
_aNJCC Procedure Note _v16 |
||
| 650 | _aAS BUILT DRAWINGS | ||
| 650 | _aBUILT ENVIRONMENT-BUILDING CONTRACT FORMS | ||
| 650 | _aCONSTRUCTION (DESIGN AND MANAGEMENT) REGULATIONS 1994 | ||
| 650 | _aHEALTH AND SAFETY FILE | ||
| 650 | _aRECORD DRAWINGS | ||
| 690 | _aBUILT ENVIRONMENT-BUILDING CONTRACT FORMS | ||
| 942 | _n0 | ||
| 948 | _c04/03/1997 | ||
| 999 |
_c93913 _d93913 |
||